Korea : Past and present
保存先:
| フォーマット: | 図書 |
|---|---|
| 言語: | Undetermined |
| 出版事項: |
Seoul
Kwangmyong Pub. Co.
1972
|
| 主題: | |
| タグ: |
タグ追加
タグなし, このレコードへの初めてのタグを付けませんか!
|
| Thư viện lưu trữ: | Trung tâm Học liệu Trường Đại học Cần Thơ |
|---|
| LEADER | 00499nam a2200193Ia 4500 | ||
|---|---|---|---|
| 001 | CTU_111582 | ||
| 008 | 210402s9999 xx 000 0 und d | ||
| 020 | |c 10 | ||
| 082 | |a 915.19503 | ||
| 082 | |b K84 | ||
| 245 | 0 | |a Korea : | |
| 245 | 0 | |b Past and present | |
| 260 | |a Seoul | ||
| 260 | |b Kwangmyong Pub. Co. | ||
| 260 | |c 1972 | ||
| 650 | |a Korea (South),Korea (South) | ||
| 650 | |x Description and travel,History | ||
| 904 | |i Năm | ||
| 980 | |a Trung tâm Học liệu Trường Đại học Cần Thơ | ||